| 000 | 01347na a2200397 4500 | ||
|---|---|---|---|
| 999 |
_c10604 _d10604 |
||
| 001 | 24040 | ||
| 003 | MIRAKIL | ||
| 005 | 20190904113408.0 | ||
| 008 | 180301b tu 000 0 | ||
| 035 | _a16660 | ||
| 040 |
_aMilas _btur _cTR-AnCHP |
||
| 041 | _atur | ||
| 082 |
_aCHP 320.014 _bC36i 2015 |
||
| 090 | _aCHP 320.014 C36i 2015 | ||
| 245 |
_aCHP 2015 genel seçim süreci parti iletişim ilkeleri _cCHP |
||
| 246 | _aCHP iletişim ilkeleri | ||
| 246 | _a2015 genel seçimleri görsel iletişim araçları | ||
| 246 | _a2015 seçim iletişim ilkeleri | ||
| 260 |
_aAnkara _bCHP _c2015 |
||
| 300 |
_a166 s. _c30 sm. |
||
| 440 |
_aCumhuriyet Halk Partisi yayınları _pKılavuzlar |
||
| 610 |
_aCHP _xSeçim kılavuzu, 2015 |
||
| 610 |
_aCHP _xSiyasal iletişim _yKılavuzlar |
||
| 610 |
_aCHP _xSeçim kampanyaları, 2015 _yKılavuzlar |
||
| 610 |
_aCHP _xSeçimler _yGörsel İletişim Kılavuzu |
||
| 650 |
_aSiyasal iletişim _zTürkiye |
||
| 650 |
_aSeçim kampanyaları, 2015 _xİletişim _zTürkiye |
||
| 650 |
_aSiyaset _xİletişim _zTürkiye |
||
| 740 | _a2015 Genel seçimleri görsel iletişim araçları | ||
| 740 | _aCHP iletişim ilkeleri | ||
| 740 | _aCHP seçim iletişimi kılavuzları | ||
| 740 | _a2015 CHP iletişim kılavuzu | ||
| 830 | _aCHP kılavuzları | ||
| 942 |
_2ddc _cBKS |
||
| 999 | _d10604 | ||